| 000 | 00525nam a2200205Ia 4500 | ||
|---|---|---|---|
| 003 | OSt | ||
| 005 | 20251104182553.0 | ||
| 008 | 210423s2006 xx 000 0 und d | ||
| 040 | _cAL | ||
| 041 | _aEnglish | ||
| 082 |
_a362.29 _bCHUT |
||
| 100 |
_aJoan Chunkapura _9120314 |
||
| 245 | _aTransitions and counselling | ||
| 260 |
_aKottayam _bTRADA _c2006 |
||
| 300 |
_a225p. _bPB _c21x132.5cm. |
||
| 365 |
_b130 _cINR |
||
| 700 |
_aThuruthiyil, Scaria _9243925 |
||
| 906 | _acounselling. ; Transitions | ||
| 942 |
_2ddc _cBK |
||
| 999 |
_c175916 _d175916 |
||